| 000 | 00508nam a2200181Ia 4500 | ||
|---|---|---|---|
| 999 |
_c36801 _d36801 |
||
| 003 | OSt | ||
| 005 | 20201218102907.0 | ||
| 008 | 190216s9999||||xx |||||||||||||| ||und|| | ||
| 020 | _a9788178840970 | ||
| 040 | _coclc | ||
| 082 |
_a530.03 _bRAW/D |
||
| 100 |
_aRawat, Gautam _97651 |
||
| 245 | 0 |
_aDictionary Of Physics / _cGautam Rawat |
|
| 260 |
_bCyber Tech Publishers, _aNew Delhi: _c2004. |
||
| 300 | _a262p | ||
| 650 | _aBotany | ||
| 942 |
_cREF _2ddc _h530.03 _iRAW/D _k530.03 _mRAW/D |
||